000 01517cam a2200241 4500
001 5889
005 20181127180500.0
008 790910s1979 ii cf 001 0 eng
010 _a 79901443
020 _a9788121213493
_c
100 1 _aKaul, Triloki Nath,
_d1913-
245 1 0 _aDiplomacy in peace and war :
_brecollections and reflections /
_cT. N. Kaul.
260 _aNew Delhi :
_bGyan,
_c2016.
300 _ax, 251 p., [4] leaves of plates :
_bports. ;
_c23 cm.
500 _aDonated by Ashi Kesang Choden Wangchuck.
500 _aIncludes index.
505 _aLegacy of Gandhi --Stalin's Russia -- Truman's America -- China Calling -- En-route to Peking -- Mao's China -- Tibet -- India and China -- China(Early Fifties) -- Farewell to China -- Return of the Native -- Nehru's policy and External Affairs Ministry( Nepal, Bhutan, Sikkim) -- The Panchsheel Agreement -- Sino-Indian Relations -- Khruschev's Russia -- The Soviet Leaders and People -- Nehru, Shastri and Tashkent -- Tashkent Conference -- The Emergence of Indira Gandhi -- Rise of Indira Gandhi -- Indo-Bangladesh Treaty and Simla Agreement-- Further Rise and Fall of Indira Gandhi -- Nixon's America -- The "other" American(and Other Worlds) -- India Today.
_g
_r
_t
600 1 0 _aKaul, Triloki Nath,
_d1913-
650 0 _aWorld politics
_y1945-1989.
651 _aIndia -- Foreign relations -- 20th century.
_v
_x
_y
_z
_2
651 _aIndia -- Politics and government -- 20th century.
_v
_x
_y
_z
_2
999 _c4973
_d4973